000 00930nam a2200253 i 4500
001 183235
003 ES-MaACL
005 20260616174858.0
008 140131s1983 xxk |||| | eng d
020 _a0-521-27198-3
080 _a821.111-1.09"18"
100 1 _aGlen, Heather.
_9154334
245 1 0 _aVision and disenchantment
_b: Blake’s Songs and Wordsworth’s Lyrical ballads /
_cHeather Glen.
250 _a1st. ed.
260 _aCambridge ;
_aNew York :
_bCambridge University Press,
_c1983.
300 _aIX, 399 p. ;
_c22 cm.
504 _aIncluye referencias bibliográficas e índice.
600 1 4 _aBlake, William,
_d1757-1827
_929098
600 1 4 _aWordsworth, William,
_d1770-1850
_9117367
650 4 _aPoesía inglesa-
_yS.XVIII-
_xHistoria y crítica.
_9154335
650 4 _aRomanticismo-
_zGran Bretaña.
_9154336
852 _aES-MaACL
_jL-30037
_z.- Donat. Miguel A. Velasco
999 _c183235
_d183235